| 000 | 00908nam a2200265Ia 4500 | ||
|---|---|---|---|
| 003 | OSt | ||
| 005 | 20220918171244.0 | ||
| 006 | a|||||r|||| 00| 0 | ||
| 007 | ta | ||
| 008 | 220917b |||||||| |||| 00| 0 eng d | ||
| 020 |
_a9781443832892 (hbk) _c3975.76 |
||
| 024 | _a266,271 | ||
| 037 |
_bG2806/12-13, 29/11/2012, Manohar Publisher &Distributors _cTextual |
||
| 040 |
_aARTS _cARTS _beng |
||
| 041 |
_2eng _aeng |
||
| 082 | _aV2z7, Q1 | ||
| 100 |
_aGamez - Fernandez Cristina M. Ed. _935140 |
||
| 245 | 0 | _aIndia in the world | |
| 260 |
_aCambridge _bCambridge Scholars Publication UK _c2011 |
||
| 300 |
_axvii, 305p. _ccm. |
||
| 650 | _aHISTORY | ||
| 700 |
_a Navarro - Tejero Antonia Ed. _935141 |
||
| 942 |
_hV2z7, Q1 _cTEXL _2CC |
||
| 999 |
_c138606 _d138606 |
||